|
|
|
|
| LEADER |
00735cam a2200193 7i4500 |
| 001 |
0000000601 |
| 005 |
20170218090000.0 |
| 020 |
|
|
|a 8185015961 (pbk.)
|
| 090 |
0 |
0 |
|a QA267
|b .H67 1979
|
| 100 |
1 |
|
|a Hopcroft, John E
|
| 245 |
1 |
0 |
|a Introduction to automata theory, languages, and computation
|c John E. Hopcroft, Jeffrey D. Ullman.
|
| 260 |
|
|
|a New Delhi:
|b Narosa Publishing House,
|c 1979.
|
| 300 |
|
|
|a xii, 418 p.:
|b ill.;
|c 22 cm.
|
| 504 |
|
|
|a Includes bibliographical references and index
|
| 650 |
0 |
0 |
|a Computational intelligence
|
| 650 |
0 |
0 |
|a Formal languages
|
| 700 |
1 |
|
|a Ullman, Jeffrey D
|
| 997 |
|
|
|a Communication, Visual Art & Computing, Faculty
|b Computing, Department
|
| 999 |
|
|
|a 0000001431
|b BOK
|c OPEN SHELF
|e 2nd Floor, Bestari Jaya
|